[Event "WCO 2016"]
[Site "?"]
[Date "2016.09.09"]
[Round "7"]
[Board "5"]
[WhiteID "7101198"]
[White "Sihite Chelsie Monica Ignesias"]
[BlackID "2109220"]
[Black "Terao Juliana Sayumi"]
[Result "0-1"]
[BlackElo "2268"]
[WhiteElo "2199"]
[LiveChessVersion "1.4.8"]

1. e4 {[%clk 1:30:45]} c5 {[%clk 1:30:53]} 2. Nf3 {[%clk 1:30:59]} e6
{[%clk 1:31:18]} 3. d4 {[%clk 1:30:16]} cxd4 {[%clk 1:31:41]} 4. Nxd4
{[%clk 1:30:37]} a6 {[%clk 1:32:08]} 5. Nc3 {[%clk 1:30:14]} Qc7 {[%clk 1:32:15]}
6. Qf3 {[%clk 1:25:25]} Nc6 {[%clk 1:31:31]} 7. Nxc6 {[%clk 1:23:18]} dxc6
{[%clk 1:31:46]} 8. Bg5 {[%clk 1:20:52]} Be7 {[%clk 1:24:43]} 9. h4
{[%clk 1:14:23]} Nf6 {[%clk 1:21:25]} 10. Be2 {[%clk 1:04:20]} Bd7
{[%clk 1:07:52]} 11. O-O-O {[%clk 0:57:37]} e5 {[%clk 1:04:21]} 12. Bxf6
{[%clk 0:49:39]} Bxf6 {[%clk 0:59:42]} 13. Qe3 {[%clk 0:49:15]} b5
{[%clk 0:51:12]} 14. g3 {[%clk 0:47:29]} Qa7 {[%clk 0:39:27]} 15. Qxa7
{[%clk 0:40:49]} Rxa7 {[%clk 0:39:53]} 16. Rd2 {[%clk 0:41:13]} Be6
{[%clk 0:36:41]} 17. Nd1 {[%clk 0:37:30]} Be7 {[%clk 0:31:31]} 18. b3
{[%clk 0:29:00]} Bc5 {[%clk 0:25:25]} 19. c3 {[%clk 0:26:53]} Rd7
{[%clk 0:23:27]} 20. Rxd7 {[%clk 0:22:45]} Kxd7 {[%clk 0:23:17]} 21. Rh2
{[%clk 0:22:18]} Ke7 {[%clk 0:22:06]} 22. Kc2 {[%clk 0:22:34]} g6
{[%clk 0:21:45]} 23. Nb2 {[%clk 0:22:13]} f5 {[%clk 0:20:29]} 24. Nd3
{[%clk 0:20:10]} Bd6 {[%clk 0:20:55]} 25. f3 {[%clk 0:20:21]} c5 {[%clk 0:15:24]}
26. Nb2 {[%clk 0:20:01]} Bd7 {[%clk 0:14:34]} 27. Bd3 {[%clk 0:19:17]} h5
{[%clk 0:14:38]} 28. a4 {[%clk 0:16:33]} Rf8 {[%clk 0:14:34]} 29. axb5
{[%clk 0:16:16]} axb5 {[%clk 0:15:00]} 30. c4 {[%clk 0:14:52]} b4
{[%clk 0:15:25]} 31. Nd1 {[%clk 0:13:23]} f4 {[%clk 0:15:37]} 32. gxf4
{[%clk 0:13:12]} Rxf4 {[%clk 0:16:02]} 33. Be2 {[%clk 0:13:21]} Kf7
{[%clk 0:15:37]} 34. Nf2 {[%clk 0:13:26]} Ke6 {[%clk 0:13:31]} 35. Nd3
{[%clk 0:12:39]} Rf8 {[%clk 0:12:29]} 36. Rg2 {[%clk 0:13:01]} Kf6
{[%clk 0:11:11]} 37. Rg1 {[%clk 0:12:19]} Ra8 {[%clk 0:10:33]} 38. Kb2
{[%clk 0:12:32]} Rg8 {[%clk 0:04:25]} 39. Rg5 {[%clk 0:12:27]} Re8
{[%clk 0:04:42]} 40. Kc2 {[%clk 0:41:19]} Bc8 {[%clk 0:31:59]} 41. Bd1
{[%clk 0:36:29]} Bb7 {[%clk 0:29:54]} 42. Kd2 {[%clk 0:29:26]} Bf8
{[%clk 0:27:54]} 43. Ke2 {[%clk 0:28:56]} Bc8 {[%clk 0:26:53]} 44. Rg1
{[%clk 0:27:13]} Re6 {[%clk 0:26:13]} 45. Bc2 {[%clk 0:25:35]} Ra6
{[%clk 0:25:41]} 46. f4 {[%clk 0:17:08]} exf4 {[%clk 0:25:42]} 47. Kf3
{[%clk 0:10:43]} Ra2 {[%clk 0:23:13]} 48. Rg2 {[%clk 0:11:02]} Bd6
{[%clk 0:20:21]} 49. Nxf4 {[%clk 0:08:32]} Bg4+ {[%clk 0:20:41]} 50. Ke3
{[%clk 0:08:51]} Bxf4+ {[%clk 0:14:38]} 51. Kxf4 {[%clk 0:09:16]} Bd1
{[%clk 0:15:00]} 52. e5+ {[%clk 0:07:53]} Ke7 {[%clk 0:15:21]} 53. Be4
{[%clk 0:07:44]} Rxg2 {[%clk 0:15:15]} 54. Bxg2 {[%clk 0:08:10]} Bxb3
{[%clk 0:15:39]} 55. Be4 {[%clk 0:07:36]} Bxc4 {[%clk 0:15:26]} 56. Bxg6
{[%clk 0:07:57]} Be2 {[%clk 0:13:32]} 57. Ke3 {[%clk 0:08:12]} Bg4
{[%clk 0:13:48]} 58. Kd3 {[%clk 0:08:20]} Ke6 {[%clk 0:10:53]} 59. Kc4
{[%clk 0:08:30]} Bd1 {[%clk 0:08:55]} 60. Kxc5 {[%clk 0:08:15]} b3
{[%clk 0:09:17]} 61. Kd4 {[%clk 0:07:42]} Bc2 {[%clk 0:09:12]} 62. Bd3
{[%clk 0:07:36]} Bxd3 {[%clk 0:09:00]} 63. Kxd3 {[%clk 0:08:05]} Kxe5
{[%clk 0:09:23]} 64. Kc3 {[%clk 0:08:32]} Kf4 {[%clk 0:09:47]} 65. Kxb3
{[%clk 0:09:00]} Kg3 {[%clk 0:10:10]} 66. Kc3 {[%clk 0:09:26]} Kxh4
{[%clk 0:10:36]} 67. Kd2 {[%clk 0:09:50]} Kg3 {[%clk 0:10:57]} 68. Ke2
{[%clk 0:10:15]} Kg2 {[%clk 0:11:20]} 0-1

[Event "WCO 2016"]
[Site "?"]
[Date "2016.09.09"]
[Round "7"]
[Board "6"]
[WhiteID "2105985"]
[White "Chang Suzana"]
[BlackID "7105002"]
[Black "Faruq Afifa Ayyun"]
[Result "1-0"]
[BlackElo "1667"]
[WhiteElo "2093"]
[LiveChessVersion "1.4.8"]

1. e4 {[%clk 1:30:54]} e6 {[%clk 1:30:48]} 2. d3 {[%clk 1:31:15]} d5
{[%clk 1:31:04]} 3. Nd2 {[%clk 1:31:37]} Nf6 {[%clk 1:30:23]} 4. Ngf3
{[%clk 1:31:43]} c5 {[%clk 1:29:41]} 5. g3 {[%clk 1:31:51]} Nc6 {[%clk 1:27:42]}
6. Bg2 {[%clk 1:32:12]} Be7 {[%clk 1:26:44]} 7. O-O {[%clk 1:32:14]} O-O
{[%clk 1:26:54]} 8. Re1 {[%clk 1:31:50]} Qc7 {[%clk 1:22:55]} 9. e5
{[%clk 1:29:34]} Nd7 {[%clk 1:22:53]} 10. Qe2 {[%clk 1:29:52]} Re8
{[%clk 1:16:26]} 11. Nf1 {[%clk 1:25:32]} f6 {[%clk 1:11:23]} 12. exf6
{[%clk 1:04:20]} Bxf6 {[%clk 1:11:34]} 13. Ng5 {[%clk 1:00:00]} Bxg5
{[%clk 1:04:35]} 14. Bxg5 {[%clk 0:59:48]} Nb6 {[%clk 1:04:21]} 15. c3
{[%clk 0:33:51]} Bd7 {[%clk 0:52:36]} 16. Rad1 {[%clk 0:30:28]} e5
{[%clk 0:50:18]} 17. h4 {[%clk 0:27:35]} Qd6 {[%clk 0:41:06]} 18. a3
{[%clk 0:19:49]} h6 {[%clk 0:39:33]} 19. Be3 {[%clk 0:19:48]} Na4
{[%clk 0:32:19]} 20. Qc2 {[%clk 0:19:42]} Ne7 {[%clk 0:27:31]} 21. b3
{[%clk 0:18:25]} Nb6 {[%clk 0:27:50]} 22. c4 {[%clk 0:16:50]} Rac8
{[%clk 0:25:42]} 23. cxd5 {[%clk 0:11:52]} Nexd5 {[%clk 0:25:55]} 24. Nd2
{[%clk 0:12:17]} Bf5 {[%clk 0:21:52]} 25. Ne4 {[%clk 0:11:31]} Bxe4
{[%clk 0:19:42]} 26. dxe4 {[%clk 0:09:19]} Nxe3 {[%clk 0:19:55]} 27. Rxe3
{[%clk 0:09:36]} Qe7 {[%clk 0:17:07]} 28. Rc3 {[%clk 0:09:27]} Rc6
{[%clk 0:15:35]} 29. Bf1 {[%clk 0:07:16]} Rf8 {[%clk 0:15:05]} 30. Rd2
{[%clk 0:07:20]} g5 {[%clk 0:08:40]} 31. hxg5 {[%clk 0:07:24]} hxg5
{[%clk 0:09:05]} 32. Qd1 {[%clk 0:05:14]} Kg7 {[%clk 0:07:10]} 33. a4
{[%clk 0:05:19]} a5 {[%clk 0:07:25]} 34. Rcd3 {[%clk 0:04:40]} Qf6
{[%clk 0:06:06]} 35. Bg2 {[%clk 0:04:34]} Rf7 {[%clk 0:03:55]} 36. Rf3
{[%clk 0:04:31]} Qe6 {[%clk 0:03:50]} 37. Rxf7+ {[%clk 0:04:56]} Qxf7
{[%clk 0:03:29]} 38. Bh3 {[%clk 0:02:31]} Rh6 {[%clk 0:02:11]} 39. Bg4
{[%clk 0:03:00]} Rf6 {[%clk 0:01:39]} 40. Qc2 {[%clk 0:32:25]} c4
{[%clk 0:31:11]} 41. bxc4 {[%clk 0:30:30]} Qxc4 {[%clk 0:30:25]} 42. Rd7+
{[%clk 0:23:03]} Rf7 {[%clk 0:30:40]} 43. Rxf7+ {[%clk 0:23:29]} Kxf7
{[%clk 0:29:55]} 44. Qb2 {[%clk 0:23:43]} Qc5 {[%clk 0:29:20]} 45. Qb3+
{[%clk 0:23:54]} Kg7 {[%clk 0:26:46]} 46. Qe6 {[%clk 0:23:06]} Qc7
{[%clk 0:18:55]} 47. Qe8 {[%clk 0:17:46]} Nc4 {[%clk 0:12:58]} 48. Be6
{[%clk 0:11:34]} Nd6 {[%clk 0:10:15]} 49. Qg8+ {[%clk 0:11:24]} Kf6
{[%clk 0:08:12]} 50. Bd5 {[%clk 0:11:45]} Qe7 {[%clk 0:06:40]} 51. Qh8+
{[%clk 0:09:57]} Kg6 {[%clk 0:06:57]} 52. Qg8+ {[%clk 0:07:56]} Kf6
{[%clk 0:07:10]} 53. Qh8+ {[%clk 0:07:30]} Kg6 {[%clk 0:07:34]} 54. Qa8
{[%clk 0:07:58]} Kf6 {[%clk 0:03:07]} 55. Qxa5 {[%clk 0:08:04]} Qd7
{[%clk 0:03:35]} 56. Qa8 {[%clk 0:05:53]} Kg7 {[%clk 0:02:14]} 57. Qg8+
{[%clk 0:05:23]} Kf6 {[%clk 0:02:35]} 58. a5 {[%clk 0:05:12]} Qg7
{[%clk 0:01:02]} 59. Qxg7+ {[%clk 0:03:40]} Kxg7 {[%clk 0:01:25]} 60. Bxb7
{[%clk 0:03:33]} Nxb7 {[%clk 0:01:48]} 61. a6 {[%clk 0:04:02]} Nd6
{[%clk 0:01:06]} 62. a7 {[%clk 0:04:22]} Nb5 {[%clk 0:01:22]} 63. a8=Q 1-0

[Event "WCO 2016"]
[Site "?"]
[Date "2016.09.09"]
[Round "7"]
[Board "7"]
[WhiteID "7109083"]
[White "Putri Regita Desyari"]
[BlackID "2153963"]
[Black "Librelato Kathie Goulart"]
[Result "0-1"]
[BlackElo "2079"]
[WhiteElo "1623"]
[LiveChessVersion "1.4.8"]

1. e4 {[%clk 1:30:53]} e5 {[%clk 1:30:45]} 2. Nf3 {[%clk 1:30:41]} Nc6
{[%clk 1:31:05]} 3. Bb5 {[%clk 1:30:57]} a6 {[%clk 1:31:28]} 4. Ba4
{[%clk 1:31:01]} Nf6 {[%clk 1:31:44]} 5. O-O {[%clk 1:30:15]} Be7
{[%clk 1:31:20]} 6. Re1 {[%clk 1:29:18]} b5 {[%clk 1:31:25]} 7. Bb3
{[%clk 1:29:41]} d6 {[%clk 1:31:43]} 8. c3 {[%clk 1:27:46]} O-O {[%clk 1:31:51]}
9. h3 {[%clk 1:27:28]} Bb7 {[%clk 1:31:41]} 10. d4 {[%clk 1:24:53]} Re8
{[%clk 1:31:24]} 11. Nbd2 {[%clk 1:23:28]} Bf8 {[%clk 1:31:31]} 12. Bc2
{[%clk 1:22:25]} h6 {[%clk 1:31:42]} 13. a4 {[%clk 1:20:31]} exd4
{[%clk 1:31:26]} 14. cxd4 {[%clk 1:20:47]} Nb4 {[%clk 1:31:33]} 15. Bb1
{[%clk 1:18:09]} c5 {[%clk 1:31:44]} 16. d5 {[%clk 1:18:11]} Nd7 {[%clk 1:31:34]}
17. Ra3 {[%clk 1:16:04]} f5 {[%clk 1:31:03]} 18. exf5 {[%clk 1:08:05]} Rxe1+
{[%clk 1:20:24]} 19. Qxe1 {[%clk 1:08:17]} Nf6 {[%clk 0:56:13]} 20. Qe6+
{[%clk 0:52:03]} Kh8 {[%clk 0:55:44]} 21. Nh4 {[%clk 0:50:34]} Bxd5
{[%clk 0:55:10]} 22. Ng6+ {[%clk 0:49:51]} Kh7 {[%clk 0:55:30]} 23. Qe2
{[%clk 0:49:48]} Qe8 {[%clk 0:20:47]} 24. Re3 {[%clk 0:45:02]} Qc6
{[%clk 0:20:26]} 25. g4 {[%clk 0:44:30]} Bf7 {[%clk 0:16:02]} 26. Ne4
{[%clk 0:32:01]} Nbd5 {[%clk 0:08:55]} 27. Rg3 {[%clk 0:31:13]} Bxg6
{[%clk 0:05:30]} 28. fxg6+ {[%clk 0:30:39]} Kh8 {[%clk 0:05:33]} 29. g5
{[%clk 0:30:36]} Ng8 {[%clk 0:00:53]} 30. Qf3 {[%clk 0:28:05]} Re8
{[%clk 0:00:43]} 31. gxh6 {[%clk 0:27:26]} gxh6 {[%clk 0:00:45]} 32. Bd2
{[%clk 0:25:49]} Bg7 {[%clk 0:00:56]} 33. Nc3 {[%clk 0:25:04]} Nb4
{[%clk 0:00:35]} 34. Be4 {[%clk 0:19:00]} d5 {[%clk 0:00:33]} 35. Bxd5
{[%clk 0:17:11]} Nxd5 {[%clk 0:00:57]} 36. Nxd5 {[%clk 0:17:37]} Rd8
{[%clk 0:00:52]} 37. Bc3 {[%clk 0:05:22]} Qxd5 {[%clk 0:01:06]} 38. Qf7
{[%clk 0:05:27]} Qxf7 {[%clk 0:00:39]} 39. gxf7 {[%clk 0:05:52]} Nf6
{[%clk 0:01:05]} 40. Rg6 {[%clk 0:35:37]} Kh7 {[%clk 0:30:43]} 41. Bxf6
{[%clk 0:35:10]} Rd1+ {[%clk 0:30:56]} 0-1

[Event "WCO 2016"]
[Site "?"]
[Date "2016.09.09"]
[Round "7"]
[Board "5"]
[WhiteID "1621629"]
[White "Newrkla Katharina"]
[BlackID "5704820"]
[Black "Tan Li Ting"]
[Result "1/2-1/2"]
[BlackElo "1993"]
[WhiteElo "2214"]
[LiveChessVersion "1.4.8"]

1. e4 {[%clk 1:30:57]} e5 {[%clk 1:30:49]} 2. Nf3 {[%clk 1:31:21]} Nc6
{[%clk 1:31:15]} 3. Bb5 {[%clk 1:31:46]} g6 {[%clk 1:30:30]} 4. c3
{[%clk 1:27:23]} a6 {[%clk 1:28:02]} 5. Ba4 {[%clk 1:26:50]} Bg7 {[%clk 1:24:00]}
6. d4 {[%clk 1:27:02]} b5 {[%clk 1:23:00]} 7. Bb3 {[%clk 1:26:54]} d6
{[%clk 1:22:44]} 8. Be3 {[%clk 1:12:54]} Nf6 {[%clk 1:02:47]} 9. h3
{[%clk 1:10:25]} Qe7 {[%clk 0:53:46]} 10. Nbd2 {[%clk 1:05:23]} O-O
{[%clk 0:53:27]} 11. O-O {[%clk 1:03:10]} Bb7 {[%clk 0:48:19]} 12. Re1
{[%clk 0:58:09]} h6 {[%clk 0:38:54]} 13. a4 {[%clk 0:50:01]} Na5 {[%clk 0:34:14]}
14. Bc2 {[%clk 0:40:02]} exd4 {[%clk 0:28:26]} 15. cxd4 {[%clk 0:39:21]} Nd7
{[%clk 0:26:38]} 16. Bd3 {[%clk 0:33:54]} b4 {[%clk 0:24:43]} 17. Nb3
{[%clk 0:28:05]} Nxb3 {[%clk 0:22:22]} 18. Qxb3 {[%clk 0:28:31]} a5
{[%clk 0:21:46]} 19. Rac1 {[%clk 0:20:29]} c5 {[%clk 0:13:58]} 20. Qc2
{[%clk 0:20:02]} cxd4 {[%clk 0:12:51]} 21. Bxd4 {[%clk 0:18:56]} Rac8
{[%clk 0:10:41]} 22. Qd2 {[%clk 0:17:50]} Rxc1 {[%clk 0:08:56]} 23. Rxc1
{[%clk 0:16:18]} Nc5 {[%clk 0:08:31]} 24. Bxc5 {[%clk 0:08:04]} dxc5
{[%clk 0:08:56]} 25. Qc2 {[%clk 0:07:50]} Rd8 {[%clk 0:06:03]} 26. b3
{[%clk 0:04:08]} Bc3 {[%clk 0:05:33]} 27. Nh2 {[%clk 0:03:46]} Qe5
{[%clk 0:02:53]} 28. Ng4 {[%clk 0:03:18]} Qd4 {[%clk 0:03:02]} 29. Bc4
{[%clk 0:01:56]} Kg7 {[%clk 0:02:03]} 30. Ne3 {[%clk 0:01:45]} Bxe4
{[%clk 0:02:10]} 31. Qe2 {[%clk 0:01:59]} Qd2 {[%clk 0:01:21]} 32. Rd1
{[%clk 0:01:22]} Qxe2 {[%clk 0:01:46]} 33. Bxe2 {[%clk 0:01:48]} Rxd1+
{[%clk 0:01:35]} 34. Bxd1 {[%clk 0:01:45]} Be5 {[%clk 0:01:09]} 35. Nc4
{[%clk 0:01:42]} Bc7 {[%clk 0:01:35]} 36. f3 {[%clk 0:01:29]} Bd3
{[%clk 0:01:51]} 37. Kf2 {[%clk 0:00:41]} Kf6 {[%clk 0:01:53]} 38. Nb2
{[%clk 0:01:04]} Bb1 {[%clk 0:01:20]} 39. Ke3 {[%clk 0:01:17]} Ke6
{[%clk 0:01:22]} 40. Be2 {[%clk 0:30:59]} f5 {[%clk 0:31:19]} 41. Bc4+
{[%clk 0:24:47]} Kf6 {[%clk 0:30:47]} 42. Nd3 {[%clk 0:21:04]} Bd6
{[%clk 0:30:26]} 43. Bb5 {[%clk 0:17:47]} h5 {[%clk 0:25:52]} 44. Bc4
{[%clk 0:12:27]} g5 {[%clk 0:24:03]} 45. Kd2 {[%clk 0:08:51]} h4 {[%clk 0:17:07]}
46. Kc1 {[%clk 0:06:11]} Bxd3 {[%clk 0:17:29]} 47. Bxd3 {[%clk 0:06:38]} Ke5
{[%clk 0:16:18]} 48. Kd2 {[%clk 0:06:51]} Bf8 {[%clk 0:16:16]} 49. Ke2
{[%clk 0:06:58]} Bh6 {[%clk 0:16:22]} 50. Bc4 {[%clk 0:07:12]} Kd4
{[%clk 0:16:38]} 51. Be6 {[%clk 0:07:31]} Kc3 {[%clk 0:16:24]} 52. Bc4
{[%clk 0:07:55]} 1/2-1/2

[Event "WCO 2016"]
[Site "?"]
[Date "2016.09.09"]
[Round "7"]
[Board "6"]
[WhiteID "5702712"]
[White "Bakri Alia Anin Azwa"]
[BlackID "1620550"]
[Black "Exler Veronika"]
[Result "1-0"]
[BlackElo "2220"]
[WhiteElo "1923"]
[LiveChessVersion "1.4.8"]

1. d4 {[%clk 1:30:57]} d5 {[%clk 1:30:56]} 2. c4 {[%clk 1:30:58]} e6
{[%clk 1:31:22]} 3. Nc3 {[%clk 1:31:01]} Bb4 {[%clk 1:31:47]} 4. e3
{[%clk 1:30:51]} Nf6 {[%clk 1:32:07]} 5. Nf3 {[%clk 1:30:55]} O-O
{[%clk 1:32:29]} 6. Bd3 {[%clk 1:29:18]} b6 {[%clk 1:32:39]} 7. cxd5
{[%clk 1:28:11]} exd5 {[%clk 1:33:03]} 8. O-O {[%clk 1:27:16]} Bb7
{[%clk 1:33:26]} 9. a3 {[%clk 1:20:17]} Bd6 {[%clk 1:33:49]} 10. b4
{[%clk 1:11:53]} a6 {[%clk 1:34:13]} 11. Qb3 {[%clk 1:11:54]} Qe7
{[%clk 1:34:36]} 12. b5 {[%clk 1:10:08]} axb5 {[%clk 1:35:01]} 13. Nxb5
{[%clk 1:10:14]} Nbd7 {[%clk 1:35:12]} 14. a4 {[%clk 0:40:26]} Ba6
{[%clk 1:34:40]} 15. Bd2 {[%clk 0:33:54]} c5 {[%clk 1:26:14]} 16. Qb1
{[%clk 0:29:54]} Bxb5 {[%clk 1:17:20]} 17. axb5 {[%clk 0:26:00]} c4
{[%clk 1:15:41]} 18. Bc2 {[%clk 0:26:06]} Ne4 {[%clk 0:53:15]} 19. Be1
{[%clk 0:25:03]} Ndf6 {[%clk 0:52:41]} 20. Ra6 {[%clk 0:20:34]} Qb7
{[%clk 0:44:48]} 21. Rxa8 {[%clk 0:20:17]} Rxa8 {[%clk 0:44:37]} 22. Ne5
{[%clk 0:20:35]} Qc7 {[%clk 0:18:16]} 23. f3 {[%clk 0:19:12]} Ng5
{[%clk 0:18:41]} 24. h4 {[%clk 0:19:20]} Ne6 {[%clk 0:18:28]} 25. Nc6
{[%clk 0:18:33]} Ra3 {[%clk 0:12:55]} 26. e4 {[%clk 0:17:41]} dxe4
{[%clk 0:04:04]} 27. fxe4 {[%clk 0:15:51]} Bh2+ {[%clk 0:04:13]} 28. Kh1
{[%clk 0:16:03]} Ng4 {[%clk 0:03:49]} 29. e5 {[%clk 0:14:29]} g6 {[%clk 0:01:25]}
30. Bd1 {[%clk 0:09:17]} Ne3 {[%clk 0:01:35]} 31. Rf3 {[%clk 0:09:32]} Nxd4
{[%clk 0:01:39]} 32. Nxd4 {[%clk 0:07:51]} Qxe5 {[%clk 0:02:09]} 33. Nc6
{[%clk 0:07:36]} Qd6 {[%clk 0:01:45]} 34. Bb4 {[%clk 0:07:43]} Qd3
{[%clk 0:01:39]} 35. Qxd3 {[%clk 0:06:19]} Rxd3 {[%clk 0:02:07]} 36. Be2
{[%clk 0:05:51]} Rb3 {[%clk 0:02:27]} 37. Kxh2 {[%clk 0:05:06]} c3
{[%clk 0:02:56]} 38. Rxe3 {[%clk 0:05:06]} c2 {[%clk 0:03:20]} 39. Bd2
{[%clk 0:05:27]} 1-0

[Event "WCO 2016"]
[Site "?"]
[Date "2016.09.09"]
[Round "7"]
[Board "7"]
[WhiteID "1625268"]
[White "Schnegg Anna-Lena"]
[BlackID "5702135"]
[Black "Azman Hisham Nur Nabila"]
[Result "1-0"]
[BlackElo "1994"]
[WhiteElo "2133"]
[LiveChessVersion "1.4.8"]

1. e4 {[%clk 1:30:55]} c5 {[%clk 1:30:54]} 2. Nf3 {[%clk 1:31:12]} e6
{[%clk 1:30:49]} 3. d4 {[%clk 1:31:20]} cxd4 {[%clk 1:30:59]} 4. Nxd4
{[%clk 1:31:40]} a6 {[%clk 1:31:09]} 5. c4 {[%clk 1:32:01]} Qc7 {[%clk 1:30:42]}
6. Nc3 {[%clk 1:31:29]} Nf6 {[%clk 1:29:00]} 7. a3 {[%clk 1:31:07]} Be7
{[%clk 1:25:40]} 8. Be3 {[%clk 1:30:32]} d6 {[%clk 1:22:40]} 9. Rc1
{[%clk 1:25:10]} Nbd7 {[%clk 1:21:07]} 10. Be2 {[%clk 1:24:48]} b6
{[%clk 1:18:42]} 11. O-O {[%clk 1:24:03]} Bb7 {[%clk 1:18:40]} 12. f3
{[%clk 1:24:11]} O-O {[%clk 1:18:02]} 13. Qd2 {[%clk 1:23:03]} Nc5
{[%clk 1:13:13]} 14. Qc2 {[%clk 1:19:14]} d5 {[%clk 0:59:52]} 15. cxd5
{[%clk 1:04:35]} exd5 {[%clk 0:59:46]} 16. b4 {[%clk 1:03:04]} Ncd7
{[%clk 0:31:56]} 17. Nxd5 {[%clk 1:00:03]} Nxd5 {[%clk 0:32:16]} 18. Qxc7
{[%clk 0:58:28]} Nxc7 {[%clk 0:32:42]} 19. Rxc7 {[%clk 0:58:47]} Bc8
{[%clk 0:32:55]} 20. Rfc1 {[%clk 0:54:22]} Bf6 {[%clk 0:19:28]} 21. f4
{[%clk 0:51:44]} Bxd4 {[%clk 0:13:32]} 22. Bxd4 {[%clk 0:50:26]} Nf6
{[%clk 0:12:14]} 23. Bf3 {[%clk 0:46:07]} Be6 {[%clk 0:03:45]} 24. f5
{[%clk 0:44:46]} Ba2 {[%clk 0:03:43]} 25. R7c2 {[%clk 0:43:44]} Bb3
{[%clk 0:04:06]} 26. Rc3 {[%clk 0:44:04]} Ba4 {[%clk 0:03:03]} 27. e5
{[%clk 0:41:42]} Rad8 {[%clk 0:01:06]} 28. Bxb6 {[%clk 0:39:46]} Nd5
{[%clk 0:01:31]} 29. Bxd8 {[%clk 0:37:06]} Nxc3 {[%clk 0:01:56]} 30. Be7
{[%clk 0:22:05]} Rc8 {[%clk 0:02:20]} 31. Bc5 {[%clk 0:19:40]} Nb5
{[%clk 0:01:41]} 32. Bb7 {[%clk 0:18:31]} Rc7 {[%clk 0:00:42]} 33. Be3
{[%clk 0:13:29]} Rxc1+ {[%clk 0:00:35]} 34. Bxc1 {[%clk 0:13:53]} Nd4
{[%clk 0:00:58]} 35. Bxa6 {[%clk 0:14:03]} Nxf5 {[%clk 0:00:49]} 36. b5
{[%clk 0:11:27]} Nd4 {[%clk 0:00:37]} 37. b6 {[%clk 0:11:28]} Kf8
{[%clk 0:00:35]} 38. Be3 {[%clk 0:09:24]} Nc6 {[%clk 0:00:57]} 39. b7
{[%clk 0:08:35]} Ke8 {[%clk 0:00:00]} 1-0

[Event "WCO 2016"]
[Site "?"]
[Date "2016.09.09"]
[Round "7"]
[Board "8"]
[WhiteID "5704685"]
[White "Azman Hisham Nur Najiha"]
[BlackID "1622080"]
[Black "Hapala Elisabeth"]
[Result "1/2-1/2"]
[BlackElo "2021"]
[WhiteElo "1973"]
[LiveChessVersion "1.4.8"]

1. d4 {[%clk 1:30:48]} d5 {[%clk 1:30:55]} 2. c4 {[%clk 1:30:52]} c6
{[%clk 1:31:22]} 3. e3 {[%clk 1:29:58]} Nf6 {[%clk 1:31:30]} 4. Nc3
{[%clk 1:29:46]} g6 {[%clk 1:28:35]} 5. Bd3 {[%clk 1:27:35]} Bg7 {[%clk 1:28:40]}
6. h3 {[%clk 1:27:08]} O-O {[%clk 1:28:33]} 7. Nf3 {[%clk 1:27:21]} e6
{[%clk 1:28:20]} 8. O-O {[%clk 1:25:15]} Nbd7 {[%clk 1:28:08]} 9. b4
{[%clk 1:11:20]} dxc4 {[%clk 1:13:32]} 10. Bxc4 {[%clk 1:11:30]} Nd5
{[%clk 1:13:56]} 11. Qb3 {[%clk 1:03:25]} Nxc3 {[%clk 1:11:34]} 12. Qxc3
{[%clk 1:03:47]} b6 {[%clk 0:54:17]} 13. e4 {[%clk 0:49:40]} c5 {[%clk 0:53:06]}
14. Be3 {[%clk 0:36:22]} Bb7 {[%clk 0:50:11]} 15. Nd2 {[%clk 0:21:10]} Rc8
{[%clk 0:44:49]} 16. bxc5 {[%clk 0:19:03]} bxc5 {[%clk 0:44:00]} 17. Rab1
{[%clk 0:16:01]} Nb6 {[%clk 0:35:49]} 18. e5 {[%clk 0:10:12]} cxd4
{[%clk 0:34:57]} 19. Bxd4 {[%clk 0:10:26]} Nxc4 {[%clk 0:14:24]} 20. Nxc4
{[%clk 0:10:44]} Bd5 {[%clk 0:14:16]} 21. Rb4 {[%clk 0:10:34]} Qc7
{[%clk 0:06:54]} 22. Rc1 {[%clk 0:10:26]} Bh6 {[%clk 0:03:35]} 23. Rc2
{[%clk 0:10:20]} Be4 {[%clk 0:03:27]} 24. Re2 {[%clk 0:08:30]} Bd5
{[%clk 0:03:53]} 25. Rc2 {[%clk 0:08:56]} Qd7 {[%clk 0:01:28]} 26. Qd3
{[%clk 0:08:01]} Bxc4 {[%clk 0:01:04]} 27. Rbxc4 {[%clk 0:08:09]} Rxc4
{[%clk 0:01:33]} 28. Rxc4 {[%clk 0:07:59]} Rd8 {[%clk 0:01:32]} 29. Qc3
{[%clk 0:06:46]} Bf8 {[%clk 0:01:15]} 30. Qa5 {[%clk 0:05:45]} Qd5
{[%clk 0:01:13]} 31. Qxd5 {[%clk 0:05:44]} Rxd5 {[%clk 0:01:42]} 32. Kf1
{[%clk 0:05:29]} Ra5 {[%clk 0:01:30]} 33. a4 {[%clk 0:05:41]} h5 {[%clk 0:01:13]}
34. f4 {[%clk 0:04:17]} Bh6 {[%clk 0:01:16]} 35. g3 {[%clk 0:04:41]} Bf8
{[%clk 0:00:51]} 36. Kf2 {[%clk 0:04:52]} Be7 {[%clk 0:00:43]} 37. Ke3
{[%clk 0:05:02]} Bf8 {[%clk 0:00:35]} 38. g4 {[%clk 0:03:56]} hxg4
{[%clk 0:00:51]} 39. hxg4 {[%clk 0:04:20]} Kg7 {[%clk 0:00:52]} 40. Ke4
{[%clk 0:33:34]} Kg8 {[%clk 0:30:39]} 41. Kd3 {[%clk 0:28:09]} Rd5
{[%clk 0:21:52]} 42. Rc8 {[%clk 0:22:20]} Kg7 {[%clk 0:20:06]} 43. Kc4
{[%clk 0:21:52]} Ra5 {[%clk 0:17:40]} 44. Kb3 {[%clk 0:22:04]} a6
{[%clk 0:15:28]} 45. Bb6 {[%clk 0:14:52]} Rd5 {[%clk 0:15:56]} 46. Bd8
{[%clk 0:15:11]} Kh7 {[%clk 0:15:21]} 47. Bf6 {[%clk 0:12:21]} Bg7
{[%clk 0:15:35]} 48. Be7 {[%clk 0:11:01]} Rd4 {[%clk 0:14:29]} 49. Rc4
{[%clk 0:11:17]} Rd7 {[%clk 0:13:53]} 50. Bh4 {[%clk 0:08:50]} Bf8
{[%clk 0:12:25]} 51. Kc3 {[%clk 0:07:43]} Be7 {[%clk 0:10:54]} 52. Bxe7
{[%clk 0:08:00]} Rxe7 {[%clk 0:11:22]} 53. g5 {[%clk 0:08:19]} Rd7
{[%clk 0:10:32]} 54. Rc6 {[%clk 0:07:48]} a5 {[%clk 0:10:08]} 55. Kc4
{[%clk 0:04:33]} Rb7 {[%clk 0:08:40]} 56. Kd4 {[%clk 0:04:53]} Kg7
{[%clk 0:07:35]} 57. Rc4 {[%clk 0:05:06]} Kf8 {[%clk 0:06:37]} 58. Kc5
{[%clk 0:05:23]} Ke7 {[%clk 0:06:59]} 59. Rd4 {[%clk 0:05:05]} Rb1
{[%clk 0:05:42]} 60. Kc6 {[%clk 0:04:40]} Rb4 {[%clk 0:05:44]} 61. Kc5
{[%clk 0:04:51]} Rb1 {[%clk 0:06:09]} 1/2-1/2

[Event "WCO 2016"]
[Site "?"]
[Date "2016.09.09"]
[Round "7"]
[Board "9"]
[WhiteID "6502911"]
[White "Rodriguez Arrieta Maria Elena"]
[BlackID "12512214"]
[Black "Khademalsharieh Sarasadat"]
[Result "0-1"]
[BlackElo "2429"]
[WhiteElo "1903"]
[LiveChessVersion "1.4.8"]

1. e4 {[%clk 1:30:58]} e5 {[%clk 1:30:54]} 2. Nf3 {[%clk 1:31:24]} Nc6
{[%clk 1:31:13]} 3. Bc4 {[%clk 1:31:50]} Bc5 {[%clk 1:31:34]} 4. c3
{[%clk 1:32:15]} Nf6 {[%clk 1:31:59]} 5. d3 {[%clk 1:32:39]} a6 {[%clk 1:32:15]}
6. Bb3 {[%clk 1:33:02]} d6 {[%clk 1:32:22]} 7. Nbd2 {[%clk 1:32:20]} O-O
{[%clk 1:31:53]} 8. Nf1 {[%clk 1:29:28]} d5 {[%clk 1:30:57]} 9. Qe2
{[%clk 1:27:46]} Be6 {[%clk 1:26:54]} 10. h3 {[%clk 1:27:36]} Re8
{[%clk 1:10:45]} 11. Bc2 {[%clk 1:14:43]} b5 {[%clk 1:10:45]} 12. Ng3
{[%clk 1:11:37]} dxe4 {[%clk 1:10:06]} 13. Nxe4 {[%clk 1:07:02]} Nxe4
{[%clk 1:09:40]} 14. Qxe4 {[%clk 1:06:06]} Bd5 {[%clk 1:08:00]} 15. Qe2
{[%clk 1:06:27]} Qd7 {[%clk 1:00:11]} 16. b3 {[%clk 0:57:46]} Nd4
{[%clk 0:49:09]} 17. cxd4 {[%clk 0:54:26]} exd4 {[%clk 0:49:28]} 18. Ne5
{[%clk 0:54:18]} Rxe5 {[%clk 0:47:47]} 19. Qxe5 {[%clk 0:54:21]} Re8
{[%clk 0:48:13]} 20. Qxe8+ {[%clk 0:54:26]} Qxe8+ {[%clk 0:48:38]} 21. Kf1
{[%clk 0:54:12]} Bb4 {[%clk 0:48:56]} 0-1